Jugadores Históricos del Barcelona - Estadísticas

Estadísticas generales
  • Esta prueba ha sido intentada 86 veces
  • La puntuación promedio es 34 de 110
Estadísticas de respuestas
Imagen Respuesta % Correcto
Iniesta
100%
Luis Suárez
100%
Luis Suárez
100%
Messi
100%
Neymar
100%
Piqué
100%
Jordi Alba
99%
Xavi
99%
Puyol
97%
Rakitic
97%
Sergio Busquets
97%
Ronaldinho
96%
Dani Alves
95%
Maradona
95%
Guardiola
93%
Villa
93%
Eto'o
92%
Sergi Roberto
92%
Victor Valdés
92%
Johan Cruyff
91%
Luis Enrique
91%
Rivaldo
88%
Pedro
87%
Ronaldo Nazario
86%
Koeman
82%
Deco
80%
Laudrup
68%
Stoichkov
68%
Romario
67%
Kluivert
64%
Zubizarreta
53%
Belletti
43%
'Lobo' Carrasco
38%
Lineker
34%
Kubala
32%
Schuster
30%
Joan Gamper
29%
Cocu
28%
Sergi Barjuan
28%
Bakero
24%
Amor
21%
Ferrer
21%
Quini
20%
Migueli
16%
César
14%
Kocsis
13%
Ramallets
13%
Carles Rexach
12%
Neeskens
12%
Zamora
11%
Asensi
9%
Victor Muñoz
9%
Alexanko
8%
Czibor
8%
José Vicente Sánchez
8%
Julio César Benítez
8%
Paulinho Alcántara
8%
Sadurní
8%
Allan Simonsen
7%
Hans Krankl
7%
Joan Segarra
7%
Joaquim Rifé
7%
Josep Maria Fusté
7%
Josep Samitier
7%
Agustí Sancho
5%
Emilia Sagi-Barba
5%
Gensana
5%
Julio Alberto Moreno
5%
Manchón
5%
Mariano Martín
5%
Plattkó
5%
Vicenç Piera
5%
Antonio Olmo
4%
Antoni Torres
4%
Arocha
4%
Basora
4%
Ferran Olivella
4%
Gonzalvo II
4%
Gonzalvo III
4%
Marcial Pina
4%
'Quique' Costas
4%
Sigfrid Gràcia
4%
Artola
3%
Biosca
3%
Carles Comamala
3%
Eulogio Martínez
3%
Gallego
3%
José Antonio Zaldúa
3%
Josep Escolà
3%
Ramon Torralba
3%
Urruticoecha
3%
Vicenç Martinez
3%
Arthur Witty
1%
Bergiristain
1%
Domènec Belmanya
1%
Eladio Silvestre
1%
Evaristo de Macedo
1%
Francesc Calvet
1%
George Pattullo
1%
Jesús María Pereda
1%
Josep Valle
1%
Justo Tejada
1%
Martí Vergés
1%
Ramón Villaverde
1%
Romà Forns
1%
Seguer
1%
Udo Steinberg
1%
Vantolrà
1%
Velasco
1%
Zabalo
1%
No se encontraron pruebas coincidentes
Distribución de puntuación
Porcentaje de gente con cada puntuación
Porcentaje por número respondido
Historial de tus puntuaciones
No has intentado esta prueba.